[Event "Berlin-ch Seniors op 36th"]
[Site "Berlin"]
[Date "2020.02.01"]
[Round "5.42"]
[White "Cichon, Joerg"]
[Black "Schneider, Eckehard"]
[Result "0-1"]
[WhiteElo "1717"]
[BlackElo "1808"]
[PlyCount "62"]
[EventDate "2020.01.28"]
[EventType "swiss"]
[EventRounds "9"]
[EventCountry "GER"]
[SourceTitle "EXT 2024"]
[Source "ChessBase"]
[SourceDate "2023.10.10"]
[SourceVersion "1"]
[SourceVersionDate "2023.10.10"]
[SourceQuality "1"]

1. e4 e6 2. d4 d5 3. Nc3 Nf6 4. Bg5 Bb4 5. e5 h6 6. Bd2 Bxc3 7. exf6 Bxd2+ 8. Qxd2 Qxf6 9. Nf3 0-0 10. c3 Nc6 11. Bd3 e5 12. dxe5 Nxe5 13. Be2 Nxf3+ 14. gxf3 c6 15. 0-0-0 Bf5 16. Rhg1 Rfe8 17. Rg3 Kh7 18. Rdg1 g6 19. f4 Re7 20. Bg4 Rae8 21. Bf3 Rd8 22. h4 Qxh4 23. Rh1 Qf6 24. Qd1 Be4 25. Bxe4 Qxf4+ 26. Re3 Rxe4 27. Qf3 Qxf3 28. Rxf3 Kg7 29. Rfh3 h5 30. Rg3 Kh6 31. Rf3 f5 0-1

[Event "Berlin Lichtenberger op 18th"]
[Site "Berlin"]
[Date "2019.08.21"]
[Round "5"]
[White "Schneider, Eckehard"]
[Black "Nguyen, Phuc Nhat"]
[Result "1-0"]
[WhiteElo "1844"]
[BlackElo "1599"]
[PlyCount "83"]
[EventDate "2019.08.17"]
[EventType "swiss"]
[EventRounds "9"]
[EventCountry "GER"]
[SourceTitle "EXT 2020"]
[Source "ChessBase"]
[SourceDate "2019.10.17"]
[SourceVersion "1"]
[SourceVersionDate "2019.10.17"]
[SourceQuality "1"]

1. e4 e5 2. Nf3 Nc6 3. d4 exd4 4. Nxd4 Bc5 5. Be3 Qf6 6. c3 Nge7 7. Qd2 Nxd4 8. cxd4 Bb6 9. Nc3 d6 10. Na4 h6 11. Nxb6 axb6 12. Bc4 Ng6 13. 0-0 Nh4 14. f4 0-0 15. f5 Re8 16. Rf4 Nxf5 17. exf5 Bxf5 18. Raf1 g6 19. R4f3 h5 20. Bg5 Qg7 21. Rf4 c6 22. Bd3 f6 23. Bxf5 fxg5 24. R4f2 gxf5 25. Rxf5 Qh6 26. Rxg5+ Kh8 27. d5 Re5 28. Rg8+ Kh7 29. Qxh6+ Kxh6 30. Rxa8 Rxd5 31. Rb8 Rd2 32. Rb1 d5 33. Rxb7 b5 34. Rf7 Kg6 35. Rf2 Rd4 36. Rc1 Rc4 37. Rfc2 Kf5 38. b3 Rxc2 39. Rxc2 d4 40. Kf2 Ke4 41. Rxc6 Kd3 42. Ke1 1-0

[Event "Berlin Lichtenberger op 18th"]
[Site "Berlin"]
[Date "2019.08.17"]
[Round "1"]
[White "Schneider, Eckehard"]
[Black "Kultscher, Christian"]
[Result "1-0"]
[WhiteElo "1844"]
[BlackElo "1366"]
[PlyCount "101"]
[EventDate "2019.08.17"]
[EventType "swiss"]
[EventRounds "9"]
[EventCountry "GER"]
[SourceTitle "EXT 2020"]
[Source "ChessBase"]
[SourceDate "2019.10.17"]
[SourceVersion "1"]
[SourceVersionDate "2019.10.17"]
[SourceQuality "1"]

1. e4 c5 2. c3 e5 3. Nf3 Nc6 4. Bc4 Be7 5. 0-0 d6 6. d4 exd4 7. cxd4 Bg4 8. d5 Ne5 9. Be2 Nxf3+ 10. Bxf3 Bd7 11. Nc3 Nf6 12. Re1 0-0 13. e5 Ne8 14. e6 fxe6 15. dxe6 Bc6 16. Nd5 Nc7 17. Nxe7+ Qxe7 18. Bxc6 bxc6 19. Qg4 Nd5 20. Bg5 Nf6 21. Qf3 Rab8 22. Re2 h6 23. Bxf6 Rxf6 24. Qe3 d5 25. Qe5 Re8 26. Rae1 c4 27. f4 Qc5+ 28. Kf1 Re7 29. f5 Qb4 30. Rf2 Qb5 31. Kg1 Qa5 32. a3 Qd8 33. Rd1 Qc7 34. Qc3 Qb6 35. Kf1 Rexe6 36. Rd4 Rd6 37. Rg4 Qc5 38. Qe5 Kh7 39. Qe7 Qxf2+ 40. Kxf2 Rxf5+ 41. Ke2 Rg6 42. Rxg6 Kxg6 43. Qxa7 Re5+ 44. Kd2 Kf6 45. a4 Re4 46. a5 d4 47. Qc5 d3 48. Qxc6+ Kf5 49. Qxe4+ Kxe4 50. a6 Kd4 51. a7 1-0

[Event "Berlin-ch Seniors op 35th"]
[Site "Berlin"]
[Date "2019.01.30"]
[Round "2"]
[White "Schneider, Eckehard"]
[Black "Welz, Peter"]
[Result "0-1"]
[WhiteElo "1831"]
[BlackElo "2001"]
[PlyCount "75"]
[EventDate "2019.01.29"]
[EventType "swiss"]
[EventRounds "9"]
[EventCountry "GER"]
[SourceTitle "CBM 189 Extra"]
[Source "ChessBase"]
[SourceDate "2019.05.31"]
[SourceVersion "1"]
[SourceVersionDate "2019.05.31"]
[SourceQuality "1"]

1. e4 e6 2. d4 d5 3. e5 c5 4. c3 Nc6 5. Nf3 Qb6 6. Be2 Nh6 7. Bxh6 gxh6 8. Qd2 Bg7 9. 0-0 0-0 10. Na3 cxd4 11. cxd4 f6 12. Rfe1 fxe5 13. dxe5 Nxe5 14. Nc2 Qxb2 15. Reb1 Nxf3+ 16. Bxf3 Qc3 17. Qe2 Qc7 18. Bg4 Bxa1 19. Bxe6+ Bxe6 20. Qxe6+ Qf7 21. Qxf7+ Rxf7 22. Rxa1 Rc8 23. Nd4 Rc4 24. Rd1 Rfc7 25. Nb3 a5 26. Nxa5 Rc1 27. Rf1 Rxf1+ 28. Kxf1 Rc1+ 29. Ke2 b6 30. Nb3 Rc2+ 31. Nd2 Rxa2 32. h4 b5 33. g4 b4 34. Kd3 Kf7 35. f4 Ke6 36. Nf3 Ra3+ 37. Ke2 Rxf3 38. Kxf3 0-1

[Event "GER-chT Betriebe 18th"]
[Site "Altenberg Zinnwald"]
[Date "2018.11.10"]
[Round "5.2"]
[White "Schneider, Eckehard"]
[Black "Wirth, Volker"]
[Result "1-0"]
[WhiteElo "1733"]
[BlackElo "1753"]
[PlyCount "33"]
[EventDate "2018.11.08"]
[EventType "team-swiss"]
[EventRounds "7"]
[EventCountry "GER"]
[SourceTitle "EXT 2020"]
[Source "ChessBase"]
[SourceDate "2019.10.17"]
[SourceVersion "1"]
[SourceVersionDate "2019.10.17"]
[SourceQuality "1"]
[WhiteTeam "Berlin Tempelhof IV"]
[BlackTeam "Altenberg Europark"]
[WhiteTeamCountry "GER"]
[BlackTeamCountry "GER"]

1. e4 c5 2. c3 d5 3. exd5 Qxd5 4. d4 cxd4 5. cxd4 Nc6 6. Nf3 Bg4 7. Nc3 Qa5 8. Be2 e6 9. 0-0 a6 10. Qb3 Qb4 11. Qd1 Rd8 12. a3 Qd6 13. Qb3 Qc7 14. d5 Nb8 15. Qa4+ b5 16. Qxg4 exd5 17. Re1 1-0

[Event "GER-chT Betriebe 18th"]
[Site "Altenberg Zinnwald"]
[Date "2018.11.08"]
[Round "2.2"]
[White "Schneider, Eckehard"]
[Black "Hartmann, Jens"]
[Result "1/2-1/2"]
[WhiteElo "1733"]
[BlackElo "1839"]
[PlyCount "84"]
[EventDate "2018.11.08"]
[EventType "team-swiss"]
[EventRounds "7"]
[EventCountry "GER"]
[SourceTitle "EXT 2020"]
[Source "ChessBase"]
[SourceDate "2019.10.17"]
[SourceVersion "1"]
[SourceVersionDate "2019.10.17"]
[SourceQuality "1"]
[WhiteTeam "Berlin Tempelhof IV"]
[BlackTeam "Hamburg Baubehoerde II"]
[WhiteTeamCountry "GER"]
[BlackTeamCountry "GER"]

1. e4 e5 2. Nf3 Nc6 3. d4 exd4 4. Nxd4 Bc5 5. Be3 Qf6 6. c3 d6 7. Bc4 Nge7 8. 0-0 Bb6 9. Na3 Nxd4 10. cxd4 0-0 11. Qd2 Qg6 12. f3 Qf6 13. Rad1 Nc6 14. Nc2 h6 15. b4 a6 16. a4 Rd8 17. Qc3 Bd7 18. Rfe1 Ne7 19. Ra1 c6 20. Bf2 Ng6 21. Qd2 Rac8 22. Rab1 Be6 23. Bxe6 fxe6 24. b5 cxb5 25. axb5 a5 26. Rec1 Nf4 27. Ne1 Bxd4 28. Rxc8 Rxc8 29. Kf1 Bxf2 30. Qxf2 Qd8 31. Qd2 e5 32. g3 Ne6 33. Qd5 Qd7 34. Nd3 Qe7 35. f4 exf4 36. Nxf4 Kf7 37. Rd1 Rd8 38. Rc1 Rd7 39. b6 g6 40. Rd1 Qf6 41. Kg2 Ke7 42. Rf1 g5 1/2-1/2

[Event "Berlin Lichtenberger op 17th"]
[Site "Berlin"]
[Date "2018.08.21"]
[Round "4"]
[White "Schneider, Eckehard"]
[Black "Jouani, Zakharia"]
[Result "1-0"]
[WhiteElo "1837"]
[BlackElo "1243"]
[PlyCount "63"]
[EventDate "2018.08.18"]
[EventType "swiss"]
[EventRounds "9"]
[EventCountry "GER"]
[SourceTitle "CBM 186 Extra"]
[Source "ChessBase"]
[SourceDate "2018.08.24"]
[SourceVersion "1"]
[SourceVersionDate "2018.08.24"]
[SourceQuality "1"]

1. e4 e5 2. Nf3 Nc6 3. d4 exd4 4. Nxd4 Nf6 5. Nxc6 bxc6 6. Bd3 Bc5 7. 0-0 0-0 8. Bg5 d6 9. Nc3 Rb8 10. Na4 Bb6 11. c3 Be6 12. Qf3 Re8 13. h3 Qe7 14. Rfe1 h6 15. Bxf6 Qxf6 16. Qxf6 gxf6 17. b3 c5 18. Nxb6 cxb6 19. Bb5 Re7 20. Rad1 Rd8 21. c4 a5 22. Re3 Bc8 23. f3 f5 24. e5 f6 25. f4 Kf7 26. Kf2 Re6 27. Bc6 Kf8 28. Bd5 Re7 29. Rg3 Ke8 30. exf6 Rc7 31. Re1+ Kf8 32. Rg8# 1-0

[Event "Berlin Lichtenberger op 17th"]
[Site "Berlin"]
[Date "2018.08.20"]
[Round "3"]
[White "Schneider, Eckehard"]
[Black "Wilke, Hans Peter"]
[Result "0-1"]
[WhiteElo "1837"]
[BlackElo "1515"]
[PlyCount "52"]
[EventDate "2018.08.18"]
[EventType "swiss"]
[EventRounds "9"]
[EventCountry "GER"]
[SourceTitle "CBM 186 Extra"]
[Source "ChessBase"]
[SourceDate "2018.08.24"]
[SourceVersion "1"]
[SourceVersionDate "2018.08.24"]
[SourceQuality "1"]

1. e4 c5 2. c3 Nf6 3. e5 Nd5 4. Nf3 d6 5. Bc4 e6 6. 0-0 Nc6 7. d4 dxe5 8. dxe5 a6 9. Qe2 b5 10. Bb3 c4 11. Bc2 Be7 12. b3 Na5 13. b4 Nc6 14. a4 Bb7 15. Rd1 Qc7 16. Bd2 0-0 17. Na3 Na7 18. Nd4 Nc6 19. Nf3 Qb6 20. a5 Qc7 21. Re1 Rfd8 22. Rad1 Bf8 23. Qe4 g6 24. Qh4 Be7 25. Qe4 Nxa5 26. Nb1 Nxb4 0-1

[Event "Berlin-ch Seniors op 34th"]
[Site "Berlin"]
[Date "2018.02.05"]
[Round "6"]
[White "Schneider, Eckehard"]
[Black "Allgaier, Erik"]
[Result "1/2-1/2"]
[WhiteElo "1842"]
[BlackElo "2030"]
[PlyCount "99"]
[EventDate "2018.01.30"]
[EventType "swiss"]
[EventRounds "9"]
[EventCountry "GER"]
[SourceTitle "EXT 2020"]
[Source "ChessBase"]
[SourceDate "2019.10.17"]
[SourceVersion "1"]
[SourceVersionDate "2019.10.17"]
[SourceQuality "1"]

1. e4 e5 2. Nf3 Nc6 3. d4 exd4 4. Nxd4 Nf6 5. Nxc6 bxc6 6. e5 Nd5 7. c4 Nb6 8. Bd3 Bb4+ 9. Bd2 Qe7 10. 0-0 Ba6 11. b3 Bb7 12. Re1 0-0-0 13. a3 Bxd2 14. Nxd2 d5 15. exd6 Qxd6 16. Bf5+ Kb8 17. Nf3 Qf6 18. Qc2 c5 19. Be4 Rhe8 20. Bxb7 Kxb7 21. Rad1 Rxe1+ 22. Rxe1 Nc8 23. Qxh7 g6 24. Qh4 Qxh4 25. Nxh4 Rd3 26. Rb1 Nd6 27. Nf3 f6 28. Kf1 Ne4 29. Rb2 g5 30. Ke2 Rd6 31. Nd2 Nc3+ 32. Kf3 f5 33. g3 Rd3+ 34. Kg2 g4 35. Nf1 Rf3 36. Ne3 Ne4 37. h4 Nxg3 38. fxg3 Rxe3 39. h5 Re6 40. Rb1 Rh6 41. Rh1 Kc6 42. Kf2 Kd6 43. Ke3 Ke5 44. Rh2 a5 45. a4 Re6 46. h6 Kf6+ 47. Kf2 Re8 48. h7 Rh8 49. Ke3 Re8+ 50. Kf2 1/2-1/2

[Event "Berlin-ch Seniors op 34th"]
[Site "Berlin"]
[Date "2018.02.03"]
[Round "5"]
[White "Rollwitz, Juergen"]
[Black "Schneider, Eckehard"]
[Result "1/2-1/2"]
[WhiteElo "1960"]
[BlackElo "1842"]
[PlyCount "44"]
[EventDate "2018.01.30"]
[EventType "swiss"]
[EventRounds "9"]
[EventCountry "GER"]
[SourceTitle "EXT 2020"]
[Source "ChessBase"]
[SourceDate "2019.10.17"]
[SourceVersion "1"]
[SourceVersionDate "2019.10.17"]
[SourceQuality "1"]

1. e4 e6 2. d4 d5 3. e5 c5 4. c3 Nc6 5. Nf3 Qb6 6. Bd3 Bd7 7. dxc5 Bxc5 8. 0-0 a6 9. Nbd2 Nh6 10. h3 Nf5 11. Bxf5 exf5 12. Nb3 Be6 13. Nxc5 Qxc5 14. Re1 h6 15. Nd4 Nxd4 16. Qxd4 Qxd4 17. cxd4 Kd7 18. Bd2 Rhc8 19. Rec1 Rxc1+ 20. Rxc1 Rc8 21. Rxc8 Kxc8 22. Bb4 h5 1/2-1/2

[Event "GER-chT Betriebe 17th"]
[Site "Berlin"]
[Date "2017.11.03"]
[Round "3.3"]
[White "Schneider, Eckehard"]
[Black "Thomas, Mario"]
[Result "1-0"]
[WhiteElo "1842"]
[BlackElo "2059"]
[PlyCount "77"]
[EventDate "2017.11.02"]
[EventType "team-swiss"]
[EventRounds "7"]
[EventCountry "GER"]
[SourceTitle "EXT 2020"]
[Source "ChessBase"]
[SourceDate "2019.10.17"]
[SourceVersion "1"]
[SourceVersionDate "2019.10.17"]
[SourceQuality "1"]
[WhiteTeam "Berlin Tempelhof III"]
[BlackTeam "Frankfurt/M Deutsche Bahn/BSW"]
[WhiteTeamCountry "GER"]
[BlackTeamCountry "GER"]

1. e4 d5 2. exd5 Nf6 3. Nc3 Nbd7 4. d4 Nb6 5. Bb5+ Bd7 6. Qe2 a6 7. Bxd7+ Qxd7 8. Nf3 Nbxd5 9. Nxd5 Qxd5 10. 0-0 c6 11. c4 Qh5 12. Bf4 e6 13. a3 Be7 14. Rfe1 0-0 15. Qc2 Rfd8 16. Qb3 b5 17. Re5 Qg4 18. Bd2 Nd7 19. h3 Qg6 20. Re2 Bf6 21. Ba5 Rdc8 22. Rae1 Rab8 23. c5 Be7 24. Re4 Nf6 25. Ne5 Qf5 26. R4e3 Nd5 27. Rf3 Nf4 28. Bd2 Bg5 29. Bxf4 Bxf4 30. g4 Bxe5 31. gxf5 Bxd4 32. fxe6 f6 33. e7+ Kh8 34. Qf7 Re8 35. Rg3 g6 36. b4 a5 37. h4 axb4 38. axb4 f5 39. h5 1-0

[Event "GER-chB Seniors 29th"]
[Site "Berlin"]
[Date "2017.08.16"]
[Round "9"]
[White "Schneider, Eckehard"]
[Black "Weiss, Hartwig"]
[Result "0-1"]
[WhiteElo "1792"]
[BlackElo "1935"]
[PlyCount "96"]
[EventDate "2017.08.07"]
[EventType "swiss"]
[EventRounds "9"]
[EventCountry "GER"]
[SourceTitle "EXT 2019"]
[Source "ChessBase"]
[SourceDate "2018.10.10"]
[SourceVersion "1"]
[SourceVersionDate "2018.10.10"]
[SourceQuality "1"]

1. e4 c6 2. d4 d5 3. Nc3 dxe4 4. Nxe4 Nf6 5. Nxf6+ exf6 6. Bc4 Be6 7. Qe2 Qd7 8. Nf3 Bd6 9. 0-0 0-0 10. Bxe6 fxe6 11. Re1 Re8 12. Bd2 Na6 13. a3 Nc7 14. Bb4 Bxb4 15. axb4 Nd5 16. Qd2 Qe7 17. c3 a6 18. Re4 Rad8 19. Rae1 Qf7 20. c4 Nc7 21. Rh4 e5 22. Qc2 g5 23. Rhe4 exd4 24. Rxe8+ Rxe8 25. Rd1 Ne6 26. h3 Rd8 27. c5 Kg7 28. Qc4 Qd7 29. Ne1 Qd5 30. Qxd5 Rxd5 31. g3 a5 32. Nd3 axb4 33. Ra1 Nxc5 34. Nxc5 Rxc5 35. Ra7 Rb5 36. Kf1 c5 37. b3 Kf7 38. Ke2 Ke6 39. Kd3 Kd5 40. Ra8 Rb6 41. Rh8 Rd6 42. Rxh7 b5 43. h4 c4+ 44. Kd2 gxh4 45. Rxh4 d3 46. Rh5+ Kc6 47. Rh4 c3+ 48. Kd1 d2 0-1

[Event "GER-chB Seniors 29th"]
[Site "Berlin"]
[Date "2017.08.11"]
[Round "5"]
[White "Bloi, Roland"]
[Black "Schneider, Eckehard"]
[Result "0-1"]
[WhiteElo "1554"]
[BlackElo "1792"]
[PlyCount "76"]
[EventDate "2017.08.07"]
[EventType "swiss"]
[EventRounds "9"]
[EventCountry "GER"]
[SourceTitle "EXT 2019"]
[Source "ChessBase"]
[SourceDate "2018.10.10"]
[SourceVersion "1"]
[SourceVersionDate "2018.10.10"]
[SourceQuality "1"]

1. d4 Nf6 2. Nf3 g6 3. e3 Bg7 4. Bd3 0-0 5. c3 b6 6. Nbd2 Bb7 7. 0-0 d6 8. Bc2 Nbd7 9. Re1 e5 10. dxe5 Nxe5 11. Nxe5 dxe5 12. e4 Qe7 13. Qe2 Rad8 14. Nf3 c5 15. Bg5 h6 16. Bh4 g5 17. Bg3 Nh5 18. Rad1 Nf4 19. Qf1 Qe6 20. b3 Qg6 21. Nd2 Rd6 22. Nc4 Rxd1 23. Rxd1 Bxe4 24. Bxe4 Qxe4 25. Re1 Qc2 26. Nxe5 Qxc3 27. Bxf4 gxf4 28. Nd3 c4 29. Nxf4 cxb3 30. axb3 Qxb3 31. Rb1 Qa2 32. g3 Rd8 33. Qb5 Bd4 34. Nh3 a6 35. Qf5 Qd5 36. Qg4+ Kf8 37. Nf4 Bxf2+ 38. Kxf2 Qa2+ 0-1

[Event "GER-chB Seniors 29th"]
[Site "Berlin"]
[Date "2017.08.07"]
[Round "2"]
[White "Fischer, Paul"]
[Black "Schneider, Eckehard"]
[Result "0-1"]
[WhiteElo "1888"]
[BlackElo "1792"]
[PlyCount "82"]
[EventDate "2017.08.07"]
[EventType "swiss"]
[EventRounds "9"]
[EventCountry "GER"]
[SourceTitle "EXT 2019"]
[Source "ChessBase"]
[SourceDate "2018.10.10"]
[SourceVersion "1"]
[SourceVersionDate "2018.10.10"]
[SourceQuality "1"]

1. Nc3 d5 2. e4 dxe4 3. Nxe4 Nf6 4. Qf3 Nxe4 5. Qxe4 Nd7 6. Bc4 Nf6 7. Qf3 e6 8. Ne2 Be7 9. d3 0-0 10. 0-0 Rb8 11. Bf4 b5 12. Bb3 Bb7 13. Qh3 Rc8 14. Ng3 c5 15. a3 Qd4 16. Ne2 Qd7 17. Rad1 Rfd8 18. c3 Qc6 19. Bc2 Nh5 20. Bc1 e5 21. f3 g6 22. g4 Qe6 23. Kg2 Nf6 24. Kg1 Nd5 25. Qg3 Bd6 26. Qe1 Re8 27. h4 h5 28. gxh5 gxh5 29. Qg3+ Kh8 30. Kf2 Rg8 31. Qh2 e4 32. f4 e3+ 33. Ke1 Rg4 34. c4 Ne7 35. Rg1 Rcg8 36. Rxg4 Rxg4 37. Qh3 Nf5 38. d4 cxd4 39. Bxf5 Qxf5 40. Nxd4 Rg1+ 41. Ke2 Qxh3 0-1

[Event "Berlin-ch Seniors op 33rd"]
[Site "Berlin"]
[Date "2017.02.04"]
[Round "5"]
[White "Rollwitz, Juergen"]
[Black "Schneider, Eckehard"]
[Result "1-0"]
[WhiteElo "1931"]
[BlackElo "1811"]
[PlyCount "43"]
[EventDate "2017.01.31"]
[EventType "swiss"]
[EventRounds "9"]
[EventCountry "GER"]
[SourceTitle "EXT 2019"]
[Source "ChessBase"]
[SourceDate "2018.10.10"]
[SourceVersion "1"]
[SourceVersionDate "2018.10.10"]
[SourceQuality "1"]

1. e4 e6 2. d3 d5 3. Nd2 Nf6 4. Ngf3 c5 5. Be2 Nc6 6. c3 Be7 7. 0-0 0-0 8. Re1 Qc7 9. Qc2 Bd7 10. Nf1 Rac8 11. Bg5 h6 12. Bh4 Nh7 13. exd5 Bxh4 14. dxc6 Bxf2+ 15. Kxf2 Bxc6 16. Kg1 Rfd8 17. Red1 Nf6 18. Qc1 b5 19. h3 Nh5 20. Qe3 Nf4 21. d4 c4 22. Ne1 1-0

[Event "GER-chT Betriebe 16th"]
[Site "Dresden"]
[Date "2016.11.05"]
[Round "5.4"]
[White "Schneider, Eckehard"]
[Black "Hoffmann, Frank"]
[Result "1-0"]
[WhiteElo "1811"]
[BlackElo "1492"]
[PlyCount "93"]
[EventDate "2016.11.03"]
[EventType "team-swiss"]
[EventRounds "7"]
[EventCountry "GER"]
[SourceTitle "EXT 2020"]
[Source "ChessBase"]
[SourceDate "2019.10.17"]
[SourceVersion "1"]
[SourceVersionDate "2019.10.17"]
[SourceQuality "1"]
[WhiteTeam "Berlin Tempelhof II"]
[BlackTeam "Frankfurt Commerzbank II"]
[WhiteTeamCountry "GER"]
[BlackTeamCountry "GER"]

1. e4 c6 2. d4 d5 3. Nc3 dxe4 4. Nxe4 Bf5 5. Ng3 Bg6 6. Nf3 Nd7 7. h4 h6 8. h5 Bh7 9. Bd3 Bxd3 10. Qxd3 e6 11. Bd2 Ngf6 12. 0-0-0 Qc7 13. Kb1 0-0-0 14. Qe2 Bd6 15. Ne4 Nxe4 16. Qxe4 Nf6 17. Qe2 Bf4 18. Be1 Rhe8 19. g3 Bd6 20. Qc4 Nd5 21. Bd2 b5 22. Qd3 a5 23. c4 bxc4 24. Qxc4 Kd7 25. Rc1 Ra8 26. Ne5+ Bxe5 27. dxe5 Reb8 28. Rhe1 Qb6 29. Rc2 Qb5 30. Qd4 Ke8 31. Rc5 Qb6 32. Rec1 Kd7 33. R1c2 Ra6 34. f4 Ke7 35. f5 exf5 36. Qc4 Rc8 37. Qa4 Rc7 38. Bxa5 Qa7 39. b4 Nb6 40. Qa3 Nd5 41. Rxd5 cxd5 42. Rxc7+ Qxc7 43. b5+ Ke8 44. bxa6 Qa7 45. Qa4+ Kf8 46. Qb4+ Kg8 47. Qb6 1-0

[Event "GER-chT Betriebe 16th"]
[Site "Dresden"]
[Date "2016.11.03"]
[Round "2.4"]
[White "Fischer, Alexander"]
[Black "Schneider, Eckehard"]
[Result "1-0"]
[WhiteElo "2038"]
[BlackElo "1811"]
[PlyCount "103"]
[EventDate "2016.11.03"]
[EventType "team-swiss"]
[EventRounds "7"]
[EventCountry "GER"]
[SourceTitle "EXT 2020"]
[Source "ChessBase"]
[SourceDate "2019.10.17"]
[SourceVersion "1"]
[SourceVersionDate "2019.10.17"]
[SourceQuality "1"]
[WhiteTeam "Frankfurt Commerzbank"]
[BlackTeam "Berlin Tempelhof II"]
[WhiteTeamCountry "GER"]
[BlackTeamCountry "GER"]

1. d4 Nf6 2. c4 g6 3. Nc3 Bg7 4. e4 d6 5. h3 0-0 6. Bg5 h6 7. Be3 e5 8. d5 a5 9. Qd2 Kh7 10. Bd3 Na6 11. Nge2 b6 12. a3 Nc5 13. Bc2 Bd7 14. b3 Qe7 15. 0-0 Nh5 16. Rab1 Qh4 17. Kh2 Qe7 18. f3 Rg8 19. b4 axb4 20. axb4 Na4 21. Ra1 Nxc3 22. Qxc3 Nf4 23. Qd2 g5 24. Nxf4 gxf4 25. Bxf4 exf4 26. e5+ Kh8 27. Qd3 f5 28. Rxa8 Rxa8 29. e6 Be8 30. Qxf5 Bf6 31. Rd1 Qg7 32. Kg1 Ra2 33. b5 Ra1 34. Rxa1 Bxa1 35. Qxf4 Qd4+ 36. Qxd4+ Bxd4+ 37. Kf1 Kg7 38. f4 h5 39. g3 Kf6 40. Ke2 Bb2 41. Kf3 Bc3 42. g4 Bb2 43. g5+ Kg7 44. f5 Bc3 45. f6+ Bxf6 46. gxf6+ Kxf6 47. Kf4 h4 48. Kg4 Ke5 49. Bd3 Kd4 50. Bf1 Bg6 51. Kxh4 Ke5 52. Kg5 1-0

[Event "Berlin Lichtenberger op 15th"]
[Site "Berlin"]
[Date "2016.08.18"]
[Round "6"]
[White "Bauder, Herbert"]
[Black "Schneider, Eckehard"]
[Result "1-0"]
[WhiteElo "1924"]
[BlackElo "1800"]
[PlyCount "75"]
[EventDate "2016.08.13"]
[EventType "swiss"]
[EventRounds "9"]
[EventCountry "GER"]
[SourceTitle "CBM 173 Extra"]
[Source "ChessBase"]
[SourceDate "2016.08.29"]
[SourceVersion "1"]
[SourceVersionDate "2016.08.29"]
[SourceQuality "1"]

1. d4 Nf6 2. Nf3 g6 3. c4 Bg7 4. Nc3 d6 5. e4 0-0 6. Be2 e5 7. 0-0 Na6 8. Re1 Nh5 9. g3 f5 10. exf5 Bxf5 11. dxe5 dxe5 12. Qd5+ Qxd5 13. Nxd5 Rae8 14. Nh4 Bh3 15. Be3 c6 16. Nc3 b6 17. Ne4 Nf6 18. Ng5 Bg4 19. f3 Bc8 20. a3 e4 21. Kg2 exf3+ 22. Bxf3 Ng4 23. Bxg4 Bxg4 24. h3 Bc8 25. Rab1 c5 26. b3 Nc7 27. Bf4 Bb7+ 28. Kh2 Bc3 29. Rxe8 Rxe8 30. Bxc7 Re2+ 31. Kg1 Bd4+ 32. Kf1 Rf2+ 33. Ke1 Rh2 34. Kd1 Rh1+ 35. Kc2 Rh2+ 36. Kd3 h6 37. Ngf3 Rf2 38. Nxd4 1-0

[Event "Berlin Lichtenberger op 15th"]
[Site "Berlin"]
[Date "2016.08.17"]
[Round "5"]
[White "Schneider, Eckehard"]
[Black "Kievelitz, Bernd"]
[Result "1/2-1/2"]
[WhiteElo "1800"]
[BlackElo "1866"]
[PlyCount "61"]
[EventDate "2016.08.13"]
[EventType "swiss"]
[EventRounds "9"]
[EventCountry "GER"]
[SourceTitle "CBM 173 Extra"]
[Source "ChessBase"]
[SourceDate "2016.08.29"]
[SourceVersion "1"]
[SourceVersionDate "2016.08.29"]
[SourceQuality "1"]

1. e4 c5 2. c3 Nf6 3. e5 Nd5 4. Nf3 e6 5. Bc4 b6 6. 0-0 Bb7 7. d4 Qc7 8. Bxd5 Bxd5 9. Be3 Nc6 10. Nbd2 cxd4 11. cxd4 Be7 12. Rc1 0-0 13. a3 Rac8 14. b4 Qb7 15. Qe2 d6 16. Bf4 dxe5 17. dxe5 f6 18. exf6 Bxf6 19. Ne4 Be7 20. Bg3 Nd8 21. Rxc8 Qxc8 22. Re1 Qb7 23. Qe3 a5 24. b5 Bxe4 25. Qxe4 Qxe4 26. Rxe4 Bxa3 27. Bc7 Bc5 28. Kf1 h6 29. Ke2 Re8 30. Bxd8 Rxd8 31. Rxe6 1/2-1/2

[Event "Berlin Lichtenberger op 15th"]
[Site "Berlin"]
[Date "2016.08.16"]
[Round "4"]
[White "Schneider, Eckehard"]
[Black "Caglar, Bertan"]
[Result "1-0"]
[WhiteElo "1800"]
[BlackElo "1152"]
[PlyCount "123"]
[EventDate "2016.08.13"]
[EventType "swiss"]
[EventRounds "9"]
[EventCountry "GER"]
[SourceTitle "CBM 173 Extra"]
[Source "ChessBase"]
[SourceDate "2016.08.29"]
[SourceVersion "1"]
[SourceVersionDate "2016.08.29"]
[SourceQuality "1"]

1. e4 d6 2. d4 Nd7 3. Nc3 Ngf6 4. Nf3 g6 5. Bc4 Bg7 6. e5 Nh5 7. g4 dxe5 8. gxh5 exd4 9. Nxd4 Ne5 10. Bd5 Bg4 11. f3 Bxh5 12. Be3 0-0 13. 0-0 c6 14. Be4 Nc4 15. Bf2 Nxb2 16. Qd2 Nc4 17. Qe2 Bxd4 18. Qxc4 Bg7 19. Rad1 Qc8 20. Bd4 e5 21. Be3 Rd8 22. Ne2 Rxd1 23. Rxd1 b5 24. Qxc6 Qxc6 25. Bxc6 Rc8 26. Be4 f5 27. Bd5+ Kh8 28. Rd2 Rd8 29. Bg5 Rd7 30. Kf2 Bf8 31. Ng3 Be7 32. Bxe7 Rxe7 33. Nxh5 gxh5 34. Bc6 b4 35. Rd5 Kg7 36. Rd7 Kf6 37. Rxe7 Kxe7 38. Kg3 Kf6 39. Kh4 Kg6 40. Be8+ Kh6 41. Bxh5 a6 42. Be8 e4 43. fxe4 fxe4 44. Kg4 e3 45. Kf3 Kg5 46. Kxe3 Kh4 47. Bd7 Kg5 48. Kd4 Kf4 49. Kc4 a5 50. Kb5 Ke3 51. Kxa5 Kd2 52. Kxb4 Kxc2 53. a4 Kd2 54. a5 Ke2 55. a6 Kf2 56. a7 Kg2 57. h3 h5 58. a8Q+ Kh2 59. Qg8 h4 60. Qg4 Kh1 61. Bc6+ Kh2 62. Qg2# 1-0